00967 2200313 4500001002100000005001500021035002000036007000300056008004100059020002200100040002200122082001600144084001800160090002200178100003400200245010500234250003100339300002700370650002200397700004000419850001200459504003200471264003200503336002100535337003000556338002300586999002200609990002200631INLIS00000000088868720240712094414 a0010-0724000586ta240712s2024 yoi g ind d a978-623-02-8406-9 aYOPDYOGbinderda04223a381.142 a381.142 DID d aCB-D.11 2024-17911 aDidik Subiyanto, Eepengarang10aDigital marketing dalam perspektif persaingan bisnis /cE. Didik Subiyanto, Maria Valeria Roellyanti aCetakan pertama, Mei 2024 aix,60 halaman ;c23 cm 4aPemasaran digital0 aMaria Valeria Roellyantiepengarang aYOPDYOG aBibliografi : halaman 54-5631aSleman :bDeepublish,c2024 2rdacontentateks 2rdamediaatanpa perantara 2rdacarrieravolume aCB-D.11/2024-1791 aCB-D.11/2024-1791